000
00292nam a22001217a 4500
008
180820b xxu||||| |||| 00| 0 eng d
041
_a
eng
080
_a
61
100
_a
3
101
_a
SHM
245
_a
AQUATIC ANIMAL HEALTHY RIDING THE WAVE TO THE FUTURE
_c
ROBERT.K
942
_2
udc
_c
BK
999
_c
47227
_d
47227